| 000 | 00429nam a2200181Ia 4500 | ||
|---|---|---|---|
| 008 | 170918s9999 xx 000 0 und d | ||
| 020 | _a9781338032635 | ||
| 050 | _bC712un 2015 | ||
| 100 | _aCollins, Renee | ||
| 245 | _aUntil we meet again / | ||
| 245 | _cby Renee Collins. | ||
| 260 | _aNew York : | ||
| 260 | _bScholastic, | ||
| 260 | _c2015 | ||
| 300 | _a322 pages : | ||
| 300 | _billustrations ; | ||
| 300 | _c20cm. | ||
| 999 |
_c344298 _d344298 |
||